banner-ar

CUSTOMER SERVICE AND THE TELEPHONE / (Record no. 20071)

MARC details
000 -الفاتح
حقل البيانات ثابتة الطول 00599nam a2200217Ia 4500
008 - عناصر البيانات ثابتة الطول - معلومات عامة
حقل البيانات ثابتة الطول 140319s9999 xx 000 0 eng d
040 ## - مصدر الفهرسة
وكالة الفهرسة الأصلية GCL /
وكالة النسخ GCL
082 04 - رقم تصنيف ديوى العشرى
رقم التصنيف 658.812
رقم المادة B C
100 1# - المدخل الرئيسى - إسم شخصى
الإسم الشخصى BECKER, DENNIS
245 10 - بيان العنوان
العنوان CUSTOMER SERVICE AND THE TELEPHONE /
بيان المسئوليه,etc BECKER, DENNIS
700 1# - المدخل الاضافى - اسم شخصى
الإسم الشخصى BECKER, PAULA BORKUM
260 ## - PUBLICATION, DISTRIBUTION, ETC. (IMPRINT)
تاريخ النشر أو التوزيع 1994
300 ## - الوصف المادى
التعداد 94 P
650 04 - المدخل الاضافى بالموضوع-مصطلح موضوعى
مصطلح موضوعي TELEPHONE IN BUSINESS
650 04 - المدخل الاضافى بالموضوع-مصطلح موضوعى
مصطلح موضوعي CUSTOMER SERVICE
650 04 - المدخل الاضافى بالموضوع-مصطلح موضوعى
مصطلح موضوعي COMMUNICATION
650 04 - المدخل الاضافى بالموضوع-مصطلح موضوعى
مصطلح موضوعي BUSINESS SKILLS
650 04 - المدخل الاضافى بالموضوع-مصطلح موضوعى
مصطلح موضوعي TELEPHONE ETIQUETTE
942 ## - عناصر المدخل الإضافي( كوها)
مصدر التصنيف او مخطط الترفيف Dewey Decimal Classification
Koha [default] item type كتاب
260 ## - PUBLICATION, DISTRIBUTION, ETC. (IMPRINT)
-- [S.N] :
-- IRWIN PROFESSIONAL PUBLISHING ،
Holdings
حالة التراجع حالة الفقد حالة تلف ليس للاعارة المكان المؤقت الموقع الحالى تاريخ الاكتساب اجمالي اﻻعارات رقم الطلب الباركود تاريخ اخر مشاهدة تاريخ تفعيل السعر نوع وعاء كوها
        مكتبة القاهرة الكبرى مكتبة القاهرة الكبرى 03/26/2014   658.812\B C 37875 03/26/2014 03/26/2014 كتاب

Powered By

EGPV